Foreign policy and the democratic process
Shranjeno v:
| Glavni avtor: | |
|---|---|
| Format: | Knjiga |
| Jezik: | angleščina |
| Izdano: |
Baltimore
The Johns Hopkins Press
1955
|
| Teme: | |
| Oznake: |
Označite
Brez oznak, prvi označite!
|
MARC
| LEADER | 00000nam a2200000 a 4500 | ||
|---|---|---|---|
| 001 | UCN3835 | ||
| 003 | CL-VaPUC | ||
| 008 | 010713e19550000US |||||||||||||||||eng|d | ||
| 082 | 0 | 4 | |a 327 |b BEL |2 21 |
| 100 | 0 | |a Beloff, Max |e author |9 460407 | |
| 245 | 1 | 0 | |a Foreign policy and the democratic process |
| 300 | |a 134 p | ||
| 942 | |c BK | ||
| 945 | |d 20010713 00:00:00 |a rbrito | ||
| 260 | |a Baltimore |b The Johns Hopkins Press |c 1955 | ||
| 650 | 0 | |a Relaciones Exteriores |9 255379 | |
| 650 | 0 | |a Relaciones Internacionales |9 255740 | |
| 650 | 0 | |a Democracia |9 255256 | |
| 650 | 0 | |a Diplomacia |9 256483 | |
| 583 | |a last modification |c 20010713 00:00:00 |k Rodrigo Vera | ||
| 999 | |c 296507 |d 296505 | ||
| 952 | |0 0 |1 0 |4 0 |6 327_000000000000000_BEL_1955 |7 0 |8 A |9 350310 |a BIBGIM |b BIBGIM |d 2019-11-20 |i 3613925 |l 1 |o 327 BEL 1955 |p 3613925 |r 2025-01-15 |s 2024-11-14 |w 2019-11-20 |y BK |k ORI | ||